000 00658nam a2200265Ia 4500
005 20260121171239.0
008 008 260114s9999 xx 000 0 eng d
020 _a9783030199852
037 _aEBOOK
040 _aCRL
040 _beng
040 _cCRL
041 _2eng
041 _aeng
084 _qCRL
100 _aJessica da Silva C. de Oliveira
_91073864
245 0 _aPostcolonial Maghreb and the Limits of IR
260 _bSpringer
260 _bSpringer
260 _c2020
856 _uhttps://link.springer.com/openurl?genre=book&isbn=978-3-030-19985-2
942 _cEBOOK
999 _c1639594
_d1639594